Markets (Record no. 83906)

MARC details
000 -LEADER
fixed length control field 00921cab a22001935a 4500
001 - CONTROL NUMBER
control field L155716
008 - FIXED-LENGTH DATA ELEMENTS--GENERAL INFORMATION
fixed length control field 120410e2012 xxk 000 0 eng d
035 ## - SYSTEM CONTROL NUMBER
System control number (Sirsi) u155716
041 0# - LANGUAGE CODE
Language code of text/sound track or separate title eng
100 1# - MAIN ENTRY--PERSONAL NAME
Personal name Hunter, Rachel
245 00 - TITLE STATEMENT
Title Markets
Remainder of title Hotels
260 ## - PUBLICATION, DISTRIBUTION, ETC.
Date of publication, distribution, etc. 2012
490 #0 - SERIES STATEMENT
Series statement Property Week
Volume/sequential designation 78(14) 5 April 2012, 37-40(4)
520 ## - SUMMARY, ETC.
Summary, etc. Private equity firm Bridgepoint Ventures plans to launch a chain of apartment-style hotels across the UK and continental Europe, five a year over the next five years starting with the UK, then moving the concept out to Germany, Amsterdam and Paris. Tells the story of the disastrous venture by Von Essen Mining into the UK hotel market. Topland Group aims to invest a further £200m in the hotel sector after the purchase of three trophy assets in the last 12 months.
590 ## - LOCAL NOTE (RLIN)
Local note KA
651 #4 - SUBJECT ADDED ENTRY--GEOGRAPHIC NAME
Geographic name United Kingdom
690 ## - LOCAL SUBJECT ADDED ENTRY--TOPICAL TERM (OCLC, RLIN)
Topical term or geographic name as entry element Commercial property
9 (RLIN) 6227
942 ## - ADDED ENTRY ELEMENTS (KOHA)
Suppress in OPAC 0
Holdings
Withdrawn status Lost status Source of classification or shelving scheme Damaged status Not for loan Home library Current library Shelving location Date acquired Total Checkouts Full call number Barcode Date last seen Price effective from Koha item type
    Dewey Decimal Classification     London London Journal article 09/04/2012   L155716 155716-1001 06/08/2019 06/08/2019 Journal